| 000 | 00832nam a22002297a 4500 | ||
|---|---|---|---|
| 005 | 20251108164959.0 | ||
| 008 | 250721s1980 xx 000 0 ara d | ||
| 082 | 1 | 4 | _a214.1/محت |
| 100 | 1 | _aمحتسب، عبد المجيد عبد السلام | |
| 245 | 1 | 0 |
_aثلاثة كتب في ميزان الإسلام : _bالتفكير العلمي - أزمة الوحدة العربية - تجديد الفكر العربي / |
| 250 | _aط2 | ||
| 264 | 1 |
_aعمان : _bمكتبة النهضه الإسلاميه، _c1980. |
|
| 300 | _a179ص | ||
| 650 | 1 | 7 | _aالإسلام |
| 650 | 1 | 7 | _aأصول الدين الإسلامي |
| 650 | 1 | 7 | _aالتوحيد |
| 700 | 1 | _aزكريا، فؤاد | |
| 700 | 1 | _aالأهواني، عبد العزيز | |
| 700 | 1 | _aمحمود، زكي نجيب | |
| 942 |
_2ddc _cBK |
||
| 999 |
_c18970 _d18970 |
||